000 00923nam a22003377a 4500
001 BR7304464
003 BR-BrBNA
005 20230928084032.0
007 ta
008 230509b bl.||||| |||| 00| 0 por d
040 _aBR-BrBNA
_bpor
_cBiblioteca Nacional de Agricultura
041 _a(Por)
072 _aF60; Q10
_b0230
090 _ 0230 BR7304464
100 1 _aAlmeida, J.R. de
100 1 _aValsecchi, O.
110 1 _aInstituto do Acucar e do Alcool, Rio de Janeiro, GB (Brasil)
_96295
245 1 _aNao-acucares inorganicos da cana de acucar
260 3 _aRio de Janeiro, GB (Brasil):
_c1947.
300 _a67 p.
500 _a42 ref.
650 _aCANA DE ACUCAR
650 _aVARIEDADE
650 _aCOMPOSICAO QUIMICA
650 _aANALISE QUIMICA
650 _aABSORCAO
650 _aNUTRIENTE MINERAL
650 _aCALDO DE CANA
909 _a202309
_bLucia
_c55
_dLucia Elande
942 _cBK
999 _c16456
_d16456